000 00323nam a2200133 i 4500
001 bg
100 1 _aSMARZYŃSKI, Stanisław
245 0 _aMaszyny i urządzenia spawalnicze /
_cS. Smarzyński.
260 _aBydgoszcz,
_c1985.
040 _cBPK
041 _apol
942 _cKS
008 s pl f |000 0 pol
999 _c3109
_d3109
856 _uhttp://koha.tu.koszalin.pl/cgi-bin/koha/opac-detail.pl?biblionumber=3109
_yKatalog online BPK